000 00542na a2200205 4500
001 14869
003 MIRAKIL
005 20181213154838.0
008 160901b tu 000 0
035 _a14869
040 _aMilas
_btur
_cTR-AnCHP
082 _aATA/B 923.156
_bA72 2003
090 _aATA/B 923.156 A72 2003
245 _aAtatürk
260 _aAnkara
_bAnkara Ticaret Odası
_c2003
300 _a[298 s.]
_c40 s.
600 _aAtatürk, Mustafa Kemal
_d1881-1938
_xAlbümler
650 _aResimli yapıtlar
942 _2ddc
_cBKS
999 _c1907
_d1907